000 00637nam a2200229Ia 4500
003 OSt
005 20220918183757.0
006 a|||||r|||| 00| 0
007 ta
008 220917b |||||||| |||| 00| 0 eng d
024 _a40,911
037 _cTextual
040 _aARTS
_cARTS
_beng
041 _2eng
_aeng
082 _aO15,2lSl,1, H1
100 _aSinga Bhupala
_963593
245 0 _aKuvalayavali or retnapancalika ed by L A Ravi Varma
260 _aTrivandrum
_bUniv of Tracancore
_c1941
650 _aENGLISH LITERATURE
942 _hO15,2lSl,1, H1
_cTEXL
_2CC
999 _c173802
_d173802